| 000 | 00931nam a2200229Ia 4500 | ||
|---|---|---|---|
| 003 | IN-BaIIA | ||
| 008 | 211028s9999 xx 000 0 eng d | ||
| 040 | _cIIA Library | ||
| 080 |
_a523.42:43 _bTHE |
||
| 111 |
_aConference on the atmospheres of venus and mars _cArizona _d1967 Feb. 28 to Mar. 2 _95727 |
||
| 245 | 4 |
_aThe atmospheres of venus and mars _bproceedings of the symposium held in Tucson, Arizona from February 28 to March 2, 1967 _cedited by John C. Brandt and Michael B. Mcelroy |
|
| 260 |
_aNew York _bGordon and Breach Science _c1968 |
||
| 300 | _aviii, 288p. | ||
| 650 | _aAstronomy and astrophysics thesaurus | ||
| 650 |
_aPlanet mars _91263 |
||
| 650 |
_aPlanetary atmospheres _95728 |
||
| 650 |
_aVenus _91328 |
||
| 700 |
_aBrandt, John C., ed. _95729 |
||
| 700 |
_aMcelroy, Michael B., ed. _95730 |
||
| 710 |
_aKitt Peak National Observatory _95731 |
||
| 942 | _cBK | ||
| 999 |
_c3225 _d3225 |
||